| 000 | 00591nam a22001817i 4500 | ||
|---|---|---|---|
| 999 |
_c23344 _d23344 |
||
| 003 | AR-CdUCM | ||
| 008 | 250804b20182018 pe||||| |||| 00| 0 spa d | ||
| 040 |
_aMUNICIPALIDAD PROVINCIAL DEL CUSCO _cBIBLIOTECA MUNICIPAL DEL CUSCO |
||
| 041 | _hspa | ||
| 082 |
_a869.56 / M96 _bM96 |
||
| 100 |
_aMuñoz Hermoza, Aydeé Rebeca _951319 |
||
| 245 |
_aRenacer : _bPoemario / |
||
| 260 |
_aCusco : _bReyna Impresiones _c2018 |
||
| 300 |
_a108 páginas. : _c20x14 cm. |
||
| 505 | _aPoemas, rimas y versos de contenido espiritual -- Rimas y versos | ||
| 942 |
_2ddc _cLIBROS |
||
| 945 |
_apbjr _d04-08-2025 |
||